Communication and Indian agriculture / (Record no. 16998)

000 -LEADER
fixed length control field 00473nam a2200157ia 4500
020 ## - INTERNATIONAL STANDARD BOOK NUMBER
ISBN 0803995997 (pbk.)
040 ## - CATALOGING SOURCE
Transcribing agency DLC
082 0# - DEWEY DECIMAL CLASSIFICATION NUMBER
Classification number 630 SAG 1989 A109 Or.
245 00 - TITLE STATEMENT
Title Communication and Indian agriculture /
260 0# - PUBLICATION, DISTRIBUTION, ETC. (IMPRINT)
Place of publication New Delhi ;
-- Newbury Park, Calif. :
Name of publisher Sage Publications,
Year of publication 1989
300 ## - PHYSICAL DESCRIPTION
Number of Pages 319 p. :
Other physical details ill. ;
Dimensions 23 cm
650 #0 - SUBJECT ADDED ENTRY--TOPICAL TERM
Topical Term Communication in agriculture
650 #0 - SUBJECT ADDED ENTRY--TOPICAL TERM
Topical Term Communication in rural development
700 10 - ADDED ENTRY--PERSONAL NAME
Personal name Ostman, Ronald Elroy,
942 ## - ADDED ENTRY ELEMENTS (KOHA)
Koha item type សៀវភៅភាសាអង់គ្លេស
952 ## - LOCATION AND ITEM INFORMATION (KOHA)
Withdrawn status [LOCAL, KOHA] 0
Holdings
Permanent Location Date acquired Koha item type Lost status Shelving location Barcode Current Location Full call number
Library Block A2018-07-16សៀវភៅភាសាអង់គ្លេស A109A21561Library Block A630 SAG 1989 A109 Or.
មជ្ឈមណ្ឌលឯការនៃសាកលវិទ្យាល័យភូមិន្ទកសិកម្មចំការដូង

Powered by Koha